000 00328nam a2200157Ia 4500
008 210210b1949 xxu||||| |||| 00| 0 eng d
041 _aeng
082 _a872/141
100 _a-
245 _aSahithya ranjini
260 _a
_b-
_c1949
650 _aSahithya
650 _aranjini
690 _aMalayalam
906 _a002525
999 _c124496
_d124496